Royal Navy Submarines of World War II - Statistics

General Stats
  • This quiz has been taken 79 times
  • The average score is 67 of 296
Answer Stats
Class Year Comissioned Service Tenure Fate Answer % Correct
Odin December 21, 1929 1929-1940 Sunk in June 1940 Odin
65%
Parthian January 15, 1931 1931-1943 Missing since August 1943 Parthian
59%
Amphion March 27, 1945 1945-1971 Scrapped in 1971 Amphion
53%
River April 12, 1935 1935-1946 Scrapped in 1946 Clyde
53%
Grampus March 10, 1937 1937-1940 Sunk by Italian torpedo boats, Circe and Clio on June 16, 1940 Grampus
53%
Rainbow January 18, 1932 1932-1940 Believed sunk on October 4, 1940 Rainbow
53%
Grampus May 24, 1939 1939-1940 Captured by Germans on May 4, 1940, scuttled May 3, 1945 Seal
53%
River September 14, 1932 1932-1940 Mined on August 3, 1940 Thames
53%
U October 5, 1938 1938-1940 Sunk in accidental collision, April 29, 1940 Unity
53%
U October 11, 1940 1940-1941 Mined, April 29, 1941 Usk
53%
Grampus February 28, 1936 1936-1940 Sunk by German aircraft on July 30, 1940 Narwhal
47%
Grampus March 11, 1933 1933-1945 Sunk by IJN aircraft in the Straits of Malacca, January 16, 1945 Porpoise
47%
S December 31, 1934 1934-1940 Scuttled after air attack on July 6, 1940 Shark
47%
U July 10, 1941 1941-1941 Sunk in collision, July 19, 1941 Umpire
47%
U August 21, 1938 1938-1940 Scuttled, January 7, 1940 Undine
47%
U December 20, 1938 1938-1950 Transferred to USSR, returned, scrapped in 1950 Ursula
47%
Grampus August 15, 1938 1937-1941 Sunk by Italian torpedo boat Achille Papa on July 30, 1941 Cachalot
41%
O August 24, 1934 1934-1944 Scrapped in 1945 Oberon
41%
Parthian June 30, 1930 1930-1942 Bombed by Italian aircraft on April 1, 1942 Pandora
41%
Parthian February 3, 1931 1931-1940 Sunk by Italian torpedo boat Albatros on July 16, 1940 Phoenix
41%
S March 8, 1935 1935-1940 Probably mined on July 9, 1940 Salmon
41%
S December 21, 1934 1934-1935 Scuttled as a target in March 1945 Sealion
41%
S December 11, 1936 1936-1940 Sunk by U-34 on August 1, 1940 Spearfish
41%
S February 27, 1933 1933-1946 Scrapped in 1946 Sturgeon
41%
S November 28, 1932 1932-1940 Mined on November 7, 1940 Swordfish
41%
T N/A N/A Scrapped in 1947 Thor
41%
T October 31, 1939 1939-1946 Sank under tow in 1946 Truant
41%
U November 10, 1940 1940-1942 Sunk in error by Wellington bomber in the Bay of Biscay on November 11, 1942 Unbeaten
41%
U September 27, 1940 1940-1942 Lost around October 10, 1942 Unique
41%
Amphion June 30, 1945 1945-1970 Scrapped in 1970 Astute
35%
Odin June 14, 1930 1930-1942 Mined, May 8, 1942 Olympus
35%
Odin September 23, 1930 1930-1940 Lost, June 1940 Orpheus
35%
O April 1, 1927 1927-1939 Sunk in error by HMS Triton, September 10, 1939 Oxley
35%
U October 17, 1941 1941-1942 Sunk by Italian torpedo boat Circe, February 23, 1942 P38
35%
P611 December 1, 1941 1941-1957 Returned to Turkey, scrapped in 1957 P 611
35%
Parthian April 15, 1930 1930-1941 Mined on December 6, 1941 Perseus
35%
Parthian May 5, 1930 1930-1931 Sunk in May 1931 Poseidon
35%
S October 2, 1933 1933-1940 Sunk on January 7, 1940 Seahorse
35%
S October 27, 1933 1933-1940 Sunk on January 9, 1940 Starfish
35%
T April 12, 1943 1943-1967? Scrapped in 1967 Tally-Ho
35%
T July 4, 1939 1939-1940 Sunk by U-4 on April 10, 1940 Thistle
35%
T May 14, 1941 1941-1947 Scrapped in 1947 Thrasher
35%
T January 9, 1945 1945-1968 Sold to Israel, Lost in 1968 Totem
35%
T January 31, 1944 1944-1963? Scrapped in 1963 Trenchant
35%
T November 9, 1938 1938-1940 Sunk by either one of the Italian Torpedo boats Confienza or Clio on December 18, 1940 Triton
35%
T July 8, 1944 1944-1971? Scrapped in 1971 Trump
35%
T July 30, 1941 1941-1947 Scrapped in 1947 Trusty
35%
T August 1, 1940 1940-1946 Scrapped in 1946 Tuna
35%
U February 22, 1941 1941-1941 Sunk by Italia n torpedo boat Circe, July 20, 1941 Union
35%
U July, 2 1942 1942-1949 Scrapped in 1949 Unseen
35%
U July 2, 1942 1942-1949 Scrapped in 1949 Unseen
35%
U September 3, 1940 1940-1946 Scrapped in 1946 Upright
35%
U August 15, 1943 1943-1950 Scrapped in 1950 Uther
35%
V October 1, 1944 1944-1958 to Greece as Argonaftis, scrapped in 1961 Virulent
35%
Amphion May 14, 1947 1947-1973 Museum ship in Gosport Alliance
29%
Odin May 1, 1929 1929-1940 Sunk by Italian destroyer Ugolino Vivaldi, August 3, 1940 Oswald
29%
Odin July 5, 1929 1929-1945 Scuttled in 1946 Otus
29%
O September 9, 1927 1927-1945 Scrapped in 1945 Otway
29%
U May 30, 1941 1941-1941 Sunk by Italian torpedo boat Partenope, August 18, 1941 P33
29%
P611 January 7, 1942 1942-1957 Returned to Turkey, scrapped in 1957 P 612
29%
P611 March 10, 1942 1942-1957 Returned to Turkey, scrapped in 1957 P 614
29%
P611 April 3, 1942 1942-1943 Sunk by U-123 on April 18, 1943, P 615
29%
Parthian June 17, 1930 1930-1944 Scrapped in 1946 Proteus
29%
Grampus February 10, 1937 1937-1945 Scrapped in 1946 Rorqual
29%
S March 12,1936 1936-1945 Scrapped in 1945 Seawolf
29%
River January 12, 1935 1935-1944 Scrapped in 1946 Severn
29%
S June 15, 1943 1943-1944 Presumed sunk in the straits of Malacca, in March 1944 Stonehenge
29%
S July 9, 1943 1943-1949 Scrapped in 1949 Storm
29%
S July 2, 1937 1937-1944 Lent to the USSR as V-1, accidentally sunk by the RAF when her Soviet commander took her out of her assigned area, July 27, 1944 Sunfish
29%
T June 29, 1940 1940-1942 Mined, September 17, 1942 Talisman
29%
T August 26, 1941 1941-1942 Sunk by Italian torpedo boat Pegaso, August 6, 1942 Thorn
29%
T January 14, 1941 1941-1947 Scrapped in 1947 Torbay
29%
U July 29, 1941 1941-1949 Scrapped in 1950 Ultimatum
29%
U September 27, 1941 1941-1945 Scrapped in 1949 Una
29%
U February 19, 1942 1942-1950 Scrapped in 1950 Unison
29%
U February 16, 1942 1942-1946 Scrapped in 1946 Unrivalled
29%
U June 9, 1943 1943-1957 Sunk as a target in 1957 Untiring
29%
U October 30, 1940 1940-1942 Sunk April 14, 1942, ending the career of the most successful British sub of WWII Upholder
29%
U December 12, 1940 1940-1941 Mined, April 27, 1941 Urge
29%
U August 17, 1940 1940-1942 Sunk by Italian torpedo boat Groppo, November 25 ,1942 Utmost
29%
V August 19, 1943 1943-1964 Transferred to Norway as Utstein, scrapped in 1964 Venturer
29%
Amphion Cancelled N/A N/A Ace
24%
Amphion July 31, 1946 1946-1974 Scrapped in 1974 Aeneas
24%
H February 21, 1919 1919-1941 Likely mined in the Bay of Biscay, December 24, 1941 H-31
24%
H May 14, 1919 1919-1944 Scrapped in 1944 H-32
24%
H May 17, 1919 1919-1944 Scrapped in 1944 H-33
24%
H September 10, 1919 1919-1945 Scrapped in 1945 H-34
24%
Odin January 25, 1929 1929-1945 Scrapped in 1945 Osiris
24%
U Mined on August 18, 1941 P32
24%
U September 24, 1941 1941-1942 Bombed, April 1, 1942 P36
24%
U November 18, 1941 1941-1942 Destroyed in air raid, March 26, 1942 P39
24%
U December 12, 1941 1941-1943 Transferred to Norway as Uredd, mined February 10, 1943 P41
24%
U July 27, 1942 1942-1952 Transferred to the Dutch as HNLMS Dolfjin, scrapped in 1952 P47
24%
U June 18, 1942 1942-1942 Sunk by the Italian torpedo boat Ardente, December 25, 1942 P48
24%
U December 16, 1942 1942-1957 Transferred to Poland as ORP Dzik, scrapped in 1958 P52
24%
Rainbow November 11, 1930 1930-1943 Mined on April 18, 1943 Regent
24%
S June 14, 1945 1945-1969 to Portugal as Nautilo, scrapped in 1969 Saga
24%
S July 10, 1942 1942-1946 Scrapped in 1946 Shakespeare
24%
S June 14, 1935 1935-1941 Sunk by German minesweepers in February 1941 Snapper
24%
S April 6, 1938 1938-1940 Sunk on April 18, 1940 possibly by German anti-sub trawlers Sterlet
24%
S December 29, 1943 1943-1958 Scrapped in 1958 Sturdy
24%
T October 26, 1940 1940-1943 Sunk by Italian corvette Cicogna, March 14, 1943 Thetis
24%
T June 20, 1940 1940-1942 Possibly Sunk by UJ-2210, February 27, 1942 Tigris
24%
T April 18, 1945 1945-1963 Scrapped in 1968 Tireless
24%
T December 15, 1945 1945-1970? Scrapped in 1970 Token
24%
T October 28, 1943 1943-1955? Scrapped in 1955 Tradewind
24%
T April 10, 1942 1942-1942 Probably mined, December 4, 1942 Traveller
24%
T September 16, 1939 1939-1940 Sunk by Italian submarine Enrico Toti, October 15, 1940 Triad
24%
T October 17, 1939 1939-1947 Scrapped in 1947 Tribune
24%
T October, 1 1939 1939-1946 Scrapped in 1946 Trident
24%
T August 29, 1942 1942-1943 Mined, October 17, 1943 Trooper
24%
T December 2, 1941 1941-1943 Sunk by Italian torpedo boat Ardito, in March 1943 Turbulent
24%
U December 31, 1942 1942-1946 Scrapped in 1946 Ultor
24%
U September 2, 1941 1941-1946 Scrapped in 1946 Umbra
24%
U November 5, 1941 1941-1949 Scrapped in 1950 Unbending
24%
U January 29, 1942 1941-1949 Scrapped in 1950 Unbroken
24%
U December 30, 1940 1940-1941 Mined on May 11, 1941 Undaunted
24%
U April 2, 1942 1942-1946 Scrapped in 1946 United
24%
U April 9, 1942 1942-1946 Scrapped in 1946 Unruffled
24%
U July 28, 1942 1942-1946 Scrapped in 1946 Unruly
24%
U May 21, 1942 1942-1946 Scrapped in 1946 Unshaken
24%
U October 3, 1943 1943-1949 Scrapped in 1949 Unswerving
24%
U April 13, 1943 1943-1946 Sunk, May 30 1943, refloated, recommissioned and renamed HMS Vitality, scrapped in 1946 Untamed
24%
V May 15, 1944 1944-1949 Scrapped in 1949 Upshot
24%
U April 3, 1943 1943-1959? Sunk as a target in 1959 Upstart
24%
U January 19, 1941 1940-1948 Scrapped in 1949 Urchin
24%
V November 13, 1943 1943-1950 Scrapped in 1950 Vampire
24%
U July 10, 1943 1943-1949 Scrapped in 1949 Varangian
24%
U April 3, 1943 1943-1965 Transferred to Norway as Ula, scrapped in 1965 Varne
24%
V July 30, 1944 1944-1945 Scrapped in 1958 Varne
24%
V December 1, 1944 1944-1958 To France as Morse, scrapped in 1958 Vortex
24%
V June 2, 1944 1944-1958 to Denmark as Storen, scrapped in 1959 Vulpine
24%
Amphion Cancelled N/A N/A Abelard
18%
Amphion Cancelled N/A N/A Achates
18%
Amphion April 17, 1948 1948-1971 Scrapped in 1972 Acheron
18%
Amphion Cancelled N/A N/A Admirable
18%
Amphion November 25, 1945 1945-1951 Foundered, April 16, 1951 Affray
18%
Amphion December 11, 1946 1946-1971 Scrapped in 1971 Alaric
18%
Amphion October 18, 1946 1946-1974? Scrapped in 1974 Alcide
18%
Amphion December 10, 1946 1946-1967 Scrapped in 1972 Alderney
18%
Amphion July 22, 1947 1947-1967 Scrapped in 1971 Ambush
18%
Amphion November 18, 1947 1947-1970 Scrapped in 1970 Anchorite
18%
Amphion March 16 ,1948 1948-1977? Scrapped in 1977 Andrew
18%
Amphion August 15, 1947 1947-1971 Scrapped in 1972 Artemis
18%
Amphion February 23, 1948 1948-1969 Scrapped in 1972 Artful
18%
Amphion January 12, 1946 1946-1974 Scrapped in 1975 Auriga
18%
Amphion February 7, 1947 1947-1967 Scrapped in 1967 Aurochs
18%
H June 29, 1918 1918-1944 Scrapped in 1944 H-28
18%
H November 25, 1919 1919-1944 Scrapped in 1944 H-43
18%
H April 15, 1920 1920-1945 Scrapped in 1945 H-44
18%
H October 25, 1919 1919-1940 Sunk on October 18, 1940 H-49
18%
H February 3, 1920 1920-1945 Scrapped in 1945 H-50
18%
L October 31, 1924 1924-1946 Scrapped in 1946 L-23
18%
L October 11, 1926 1926-1946 Sunk as a target in 1946 L-26
18%
L ? 1919-1944 Scrapped in 1944 L-27
18%
Rainbow December 7, 1930 1930-1940 Mined on December 6, 1940 Regulus
18%
Rainbow January 29, 1931 1931-1946 Scrapped in 1946 Rover
18%
S March 14, 1942 1942-1946 Sank under tow in 1946 Safari
18%
S May 13, 1942 1942-1943 Sunk by Italian ships Euterpe, Climene, Gabbiano and Angelo Bassini on April 24, 1943 Sahib
18%
S May 13, 1945 1945-1968 Sold to Israel as Rahav, scrapped in 1968 Sanguine
18%
S June 27, 1942 1942-1943 Fatally damaged by Italian corvettes Euterpe and Minerva on August 13, 1943, scuttled Saracen
18%
S February 8, 1943 1943-1962 to France as Saphir, Scrapped in 1962 Satyr
18%
S April 15, 1943 1943-1947 Scrapped in 1949 Sceptre
18%
S March 16, 1945 1945-1962 Scrapped in 1962 Scorcher
18%
S December 9, 1944 1944-1964 Scrapped in 1964 Scotsman
18%
S August 11, 1944 1944-1960 Scrapped in 1960 Scythian
18%
S May 12, 1945 1945-1966 Scrapped in 1966 Sea Devil
18%
S September 24, 1942 1942-1948 Scrapped in 1948 Seadog
18%
S November 3, 1942 1942-1948 Scrapped in 1948 Sea Nymph
18%
S Cancelled N/A N/A Sea Robin
18%
S July 7, 1943 1943-1949 Scrapped in 1949 Sea Rover
18%
S June 19, 1944 1944-1965 Scrapped in 1965 Sea Scout
18%
S July 14, 1944 1944-1961 Scrapped in 1961 Selene
18%
S September 6, 1945 1945-1960 Scrapped in 1960 Seneschal
18%
S December 28, 1945 1945-1962 Scrapped in 1962 Sentinel
18%
S June 27, 1942 1942-1962 Scrapped in 1962 Seraph
18%
S April 22, 1944 1944-1946 Scrapped in 1950 Shalimar
18%
S August 16, 1942 1942-1948 Scrapped in 1948 Sibyl
18%
S December 1, 1942 1942-1944 Probably mined in June 1944 Sickle
18%
S November 23, 1944 1944-1955 Wrecked by own torpedo explosion in 1955 Sidon
18%
S December 30, 1942 1942-1943 Probably mined in November 1943 Simoom
18%
S September 20, 1943 1943-1965 Scrapped in 1965 Sirdar
18%
S October 8, 1944 1944-1958 Scrapped in 1958 Sleuth
18%
S September 7, 1944 1944-1961 Scrapped in 1961 Solent
18%
S April 28, 1944 1944-1950 Scrapped in 1950 Spark
18%
S December 11, 1944 1944-1967 To Portugal as Neptuno, scrapped in 1967 Spearhead
18%
S October 25, 1943 1943-1950 Scrapped in 1950 Spirit
18%
S October 6, 1943 1943-1963 Scrapped in 1963 Spiteful
18%
S August 8, 1942 1942-1943 Scuttled after damaged received from German destroyer Hermes on April 21, 1943 Splendid
18%
S December 21, 1942 1942-1952 Lent to France as Sibylle, sunk of Toulon in 1952 Sportsman
18%
S August 2, 1945 1945-1972 To Israel as Taniv, scrapped in 1972 Springer
18%
S February 18, 1945 1945-1969 To Portugal as Narval, scrapped in 1969 Spur
18%
S December 13, 1943 1943-1961 Lent to France as Sultane, scrapped in 1961 Statesman
18%
S June 29, 1943 1943-1950 Scrapped in 1950 Stoic
18%
S October 9, 1943 1943-1944 Sunk by IJN escorts on November 22, 1944 Stratagem
18%
S December 23, 1943 1943-1946 Scrapped in 1946 Strongbow
18%
S February 20, 1943 1943-1946 Sunk as a target in 1946 Stubborn
18%
S February 29, 1944 1944-1949 Scrapped in 1949 Stygian
18%
S April 6, 1944 1944-1959 Scrapped in 1959 Subtle
18%
S May 20, 1944 1944-1950 Scrapped in 1950 Supreme
18%
S Surf
18%
S Cancelled N/A N/A Surge
18%
S April 23, 1943 1943-1944 Probably mined in March 1944 Syrtis
18%
T June 25, 1946 1946-1974? Scrapped in 1974 Tabard
18%
T October 8, 1944 1944-1958? Scrapped in 1971 Taciturn
18%
T November 29, 1942 1942-1963? Scrapped in 1963 Tactician
18%
T January 3, 1940 1940-1946 Scrapped in 1946 Taku
18%
T February 13, 1945 1945-1970 Scrapped in 1970 Talent
18%
T June 2, 1943 1943-1950 Scrapped in 1950 Tantalus
18%
T July 25, 1943 1943-1951 Sunk as a target in 1951 Tantivy
18%
T December 30, 1944 1944-1966 Transferred to the Dutch, scrapped in 1966 Tapir
18%
t March 28, 1945 1945-1965 Transferred to the Dutch, scrapped in 1965 Tarn
18%
T March 8, 1940 1940-1940 Sunk on April 14, 1940 Tarpon
18%
T November 3, 1942 1942-1960? Scrapped in 1960 Taurus
18%
T October 25, 1943 1943-1961? Scrapped in 1961 Telemachus
18%
T December 6, 1942 1941-1942 Sunk February 13, 1942 Tempest
18%
T February 15, 1943 1943-1954 Sunk as a target in 1954 Templar
18%
T January 22, 1944 1944-1946 Terminally damaged by depth charges, scrapped in 1946 Terrapin
18%
T February 15, 1940 1940-1941 Mined, November 2, 1941 Tetrarch
18%
T Cancelled N/A N/A Theban
18%
T December 5, 1945 1945-1970 Scrapped in 1970 Thermopylae
18%
T Cancelled N/A N/A Threat
18%
T May 13, 1944 1944-1962? Scrapped in 1962 Thule
18%
T N/A N/A Scrapped in 1947 Tiara
18%
T May 10, 1944 1944-1971 Scrapped in 1975 Tiptoe
18%
T September 25,1942 1942-1961? Scrapped in 1961 Trespasser
18%
T May 2, 1939 1939-1942 Mined, January 14, 1942 Triumph
18%
T December 31, 1942 1942-1950 Sunk after collision with Swedish tanker Divina, January 12, 1950 Truculent
18%
T May 25, 1945 1945-1977? Sold to Israel, scrapped in 1977 Truncheon
18%
T January 16, 1944 1944-1962? Scrapped in 1962 Tudor
18%
T December 18, 1944 1944-1978? Sold to Israel, scrapped in 1978 Turpin
18%
T August 7, 1942 1942-1943 Mined before her name could be assigned, January 8, 1943 Tutankhamen
18%
U March 8, 1943 1943-1946 Scrapped in 1946 Universal
18%
U November 29, 1942 1942-1946 Scrapped in 1946 Unsparing
18%
U April 2, 1941 1941-1946 Scrapped in 1946 Uproar
18%
V June 20, 1944 1944-1945 Scrapped in 1950 Urtica
18%
U February 2, 1943 1943-1943 Sunk on October 3, 1943 Usurper
18%
U February 20, 1943 1943-1943 Sunk in accident, February 24, 1943 Vandal
18%
V August 24, 1944 1944-1965 to Norway as Utsira, scrapped in 1965 Variance
18%
V October 16, 1944 1944-1957 To Greece as Delphin, scrapped in 1958 Vengeful
18%
V January 13, 1944 1944-1949 Scrapped in 1949 Vigorous
18%
V August 1, 1944 1944-1947 To France as Doris, scrapped in 1950 Vineyard
18%
V January 19, 1944 1944-1950 Scrapped in 1950 Vivid
18%
V November 4, 1944 1944-1957 To Greece as Triaina, scrapped in 1958 Volatile
18%
V April 13, 1944 1944-1946 Scrapped in 1946 Voracious
18%
V December 13, 1944 1944-1946 to Norway as Uthaug Votary
18%
U May 2, 1943 1943-1949 Transferred to France, as Curie, scrapped in 1949 Vox
18%
V December 30, 1943 1943-1946 Scrapped in 1946 Vox
18%
Amphion Cancelled N/A N/A Adept
12%
Amphion Cancelled N/A N/A Agile
12%
Amphion Cancelled N/A N/A Assurance
12%
S Cancelled N/A N/A Sprightly
12%
S Cancelled N/A N/A Surface
12%
T April 13, 1946 1946-1965 Scrapped in 1965 Teredo
12%
T March 1, 1944 1944-1962? Scrapped in 1962 Thorough
12%
V Cancelled N/A N/A Ulex
12%
V Cancelled N/A N/A Upas
12%
V Cancelled N/A N/A Utopia
12%
V February 27, 1945 1945-1945 Scrapped in 1950 Vagabond
12%
V November 1, 1943 1943-1957 to Greece as Pipinos, scrapped in 1958 Veldt
12%
V Cancelled N/A N/A Veto
12%
V August 30, 1943 1943-1964 To Norway as Utvaer, scrapped in 1964 Viking
12%
V Cancelled N/A N/A Virile
12%
V February 29, 1944 1944-1946 Scrapped in 1946 Virtue
12%
V March 9, 1944 1944-1950 Scrapped in 1950 Visigoth
12%
V Cancelled N/A N/A Visitant
12%
Amphion Cancelled N/A N/A Acasta
6%
Amphion Cancelled N/A N/A Adversary
6%
Amphion Cancelled N/A N/A Agate
6%
Amphion Cancelled N/A N/A Aggressor
6%
Amphion Cancelled N/A N/A Aladdin
6%
Amphion Cancelled N/A N/A Alcestis
6%
Amphion Cancelled N/A N/A Answer
6%
Amphion Cancelled N/A N/A Antaeus
6%
Amphion Cancelled N/A N/A Antagonist
6%
Amphion Cancelled N/A N/A Aphrodite
6%
Amphion Cancelled N/A N/A Approach
6%
Amphion Cancelled N/A N/A Arcadian
6%
Amphion Cancelled N/A N/A Ardent
6%
Amphion Cancelled N/A N/A Argosy
6%
Amphion Cancelled N/A N/A Asgard
6%
Amphion Cancelled N/A N/A Asperity
6%
Amphion Cancelled N/A N/A Astarte
6%
Amphion Cancelled N/A N/A Atlantis
6%
Amphion Cancelled N/A N/A Austere
6%
Amphion Cancelled N/A N/A Awake
6%
Amphion Cancelled N/A N/A Aztec
6%
Type VIIC October 5, 1941 1941-1943 Originally U-570, captured by British on May 15, 1941, lost after running aground in March 1944 Graph
6%
V Cancelled N/A N/A Unbridled
6%
V Cancelled N/A N/A Upward
6%
V Cancelled N/A N/A Vantage
6%
V Cancelled N/A N/A Vehement
6%
V Cancelled N/A N/A Venom
6%
V Cancelled N/A N/A Verve
6%
Amphion Cancelled N/A N/A Andromache
0%
Amphion Cancelled N/A N/A Anzac
0%
No matching quizzes found
Score Distribution
Percent of People with Each Score
Percentile by Number Answered
Your Score History
You have not taken this quiz